000 00444 a2200169 4500
999 _c4058
_d4058
020 _a9781779034120
050 0 0 _aPR 9390 MUJ 2011
100 1 _aMujajati, George.
245 1 0 _aFear not, my brother /
_cGeorge Mujajati.
264 _aHarare:
_bLongman,
_c2011
300 _a92 p. ;
500 _anovel
650 _aFiction
651 _aZimbabwe
942 _2lcc
_cBK
_h9390
_iMUJ
_kPR